XI. ukrajinsko-poľsko-slovenská vedecká konferencia Štatistika v manažmente sociálno-ekonomického rozvoja
Uložené v:
| Hlavný autor: | |
|---|---|
| Médium: | Kapitola |
| Jazyk: | Slovak |
| Tagy: |
Žiadne tagy, Buďte prvý, kto otaguje tento záznam!
|
MARC
| LEADER | 00000naa$a2200000$$$4500 | ||
|---|---|---|---|
| 001 | 0066814 | ||
| 005 | 20240502071809.3 | ||
| 041 | 0 | |a slo | |
| 044 | |a SK | ||
| 245 | 1 | 0 | |a XI. ukrajinsko-poľsko-slovenská vedecká konferencia Štatistika v manažmente sociálno-ekonomického rozvoja |c Eva Sodomová |
| 100 | 1 | |a Sodomová, Eva | |